[Event "VII Festival B"]
[Site "Trieste ITA"]
[Date "2005.09.04"]
[Round "2"]
[White "Deancovich, Patrizio"]
[Black "Belardinelli, Lisa"]
[Result "1-0"]
[WhiteElo "1452"]
[BlackElo "1521"]
[PlyCount "116"]
[EventDate "2005.09.03"]

1. e4 e6 2. d4 d5 3. e5 c5 4. Nf3 Nc6 5. Bb5 Bd7 6. O-O Qb6 7. Bxc6 Bxc6 8. c3
Ne7 9. a4 Ng6 10. g3 Be7 11. Nbd2 O-O 12. c4 dxc4 13. a5 Qb4 14. b3 cxd4 15.
Ba3 Qc3 16. Bxe7 Nxe7 17. bxc4 Bxf3 18. Nxf3 Rfd8 19. Nd2 Nc6 20. Ne4 Qxc4 21.
Nf6+ gxf6 22. Qg4+ Kf8 23. exf6 Qd5 24. Qg7+ Ke8 25. Rfe1 e5 26. Rac1 Rac8 27.
f4 Kd7 28. Qg4+ Qe6 29. Qf3 b5 30. Rc5 a6 31. Rcxe5 Nxe5 32. Qb7+ Kd6 33. Rxe5
Qxe5 34. Qb6+ Kd5 35. Qb7+ Rc6 36. fxe5 Rdc8 37. Qxf7+ Kxe5 38. Qe7+ Re6 39.
Qd7 Rf8 40. f7 b4 41. Qc7+ Ke4 42. Qc4 Rf6 43. Qc2+ d3 44. Qc4+ Ke3 45. Qc5+
Ke2 46. Qe7+ Kd2 47. Qxf6 Kc2 48. Qf5 b3 49. Qc5+ Kb2 50. Qxf8 d2 51. Qd6 Kc2
52. f8=Q d1=Q+ 53. Qxd1+ Kxd1 54. Qa3 Kc2 55. Qa4 Kc3 56. Qc6+ Kb4 57. Qb6+ Ka3
58. Qxa6 58... b2 {...} 1-0

[Event "VII Festival B"]
[Site "Trieste ITA"]
[Date "2005.09.04"]
[Round "2"]
[White "Harcet, Franjo"]
[Black "Belardinelli, Franco"]
[Result "1-0"]
[WhiteElo "1919"]
[BlackElo "1772"]
[PlyCount "129"]
[EventDate "2005.09.03"]

1. e4 c5 2. Nf3 d6 3. d4 cxd4 4. Nxd4 Nf6 5. Nc3 g6 6. Be3 Bg7 7. Be2 O-O 8.
O-O Nc6 9. Nb3 a6 10. Qd2 Ng4 11. Bf4 Be6 12. h3 Nge5 13. Bh6 Nc4 14. Bxc4 Bxc4
15. Rfd1 Rc8 16. Bxg7 Kxg7 17. Nc1 Qa5 18. Nd3 Qh5 19. Nf4 Qc5 20. Na4 Qb4 21.
b3 Qxd2 22. Rxd2 Be6 23. Nb6 Rc7 24. c4 Ne5 25. Nfd5 Bxd5 26. Nxd5 Rd7 27. f4
Nc6 28. a3 b5 29. Rc1 Na5 30. Rc3 bxc4 31. b4 Nb3 32. Rb2 Nd4 33. Rxc4 e5 34.
a4 Rb8 35. Nc7 Kg8 36. Nxa6 Ra8 37. b5 Rb7 38. Ra2 Kf8 39. Nb4 Ke8 40. fxe5
dxe5 41. Rc5 f6 42. Nd5 Kf7 43. Rc7+ Rxc7 44. Nxc7 Rb8 45. Nd5 f5 46. exf5 gxf5
47. b6 Ke6 48. Nc7+ Kd7 49. a5 Kc6 50. a6 Kxb6 51. a7 Kxc7 52. axb8=Q+ Kxb8 53.
Ra5 Nc6 54. Ra4 Nd4 55. Ra6 Kc7 56. Rh6 Kd7 57. Rxh7+ Ke6 58. Rg7 Kf6 59. Rg8
Kf7 60. Rd8 f4 61. Kf2 Kf6 62. h4 Nf5 63. Rf8+ Kg6 64. Rg8+ Kh5 65. Rg5+ 1-0

[Event "VII Festival B"]
[Site "Trieste ITA"]
[Date "2005.09.04"]
[Round "2"]
[White "Iancovic, Bruno"]
[Black "Urbisaglia, Elvio"]
[Result "1-0"]
[WhiteElo "1503"]
[BlackElo "1451"]
[PlyCount "89"]
[EventDate "2005.09.03"]

1. d4 d5 2. Nf3 Nc6 3. e3 a6 4. h3 e6 5. c4 dxc4 6. Bxc4 Nf6 7. O-O Be7 8. Nc3
Bb4 9. Bd2 Bxc3 10. Bxc3 O-O 11. Qc2 Ne7 12. e4 b5 13. Bd3 Nh5 14. Qd2 h6 15.
Bb4 Re8 16. Rac1 Bb7 17. Bb1 Nc6 18. Bc3 Ne7 19. Qe3 Ng6 20. e5 Nhf4 21. Ba5
Nd5 22. Qd3 Ndf4 23. Qe3 Rc8 24. Kh2 Nd5 25. Qd2 Nf8 26. Ne1 Qh4 27. g3 Qe7 28.
Nd3 Nd7 29. Nf4 N7b6 30. Qd3 g6 31. Nxd5 Nxd5 32. Bd2 Qf8 33. a3 Ne7 34. Rc5
Bd5 35. Bb4 Bc4 36. Rxc4 bxc4 37. Qxc4 Qg7 38. Qxa6 Nd5 39. Bd2 Rb8 40. Qa4 Nb6
41. Qc2 Nd5 42. Ba2 Rb7 43. Bxd5 exd5 44. Qc6 Rxb2 45. Qxe8+ 1-0

[Event "VII Festival B"]
[Site "Trieste ITA"]
[Date "2005.09.04"]
[Round "2"]
[White "Masella, Vincenzo"]
[Black "Orsatti, Marcello"]
[Result "0-1"]
[WhiteElo "1697"]
[BlackElo "1818"]
[PlyCount "88"]
[EventDate "2005.09.03"]

1. d4 d5 2. Bf4 e6 3. Nf3 Bd6 4. Bg5 Nf6 5. Nc3 a6 6. e3 O-O 7. Bd3 Nbd7 8. Ne2
c5 9. c3 c4 10. Bc2 Qc7 11. Bh4 b5 12. a3 Bb7 13. Bg3 a5 14. O-O Ne4 15. Bxd6
Qxd6 16. Ng3 f5 17. Bxe4 fxe4 18. Ng5 h6 19. Nh3 Nf6 20. Nf4 Kh7 21. Ngh5 e5
22. Nxf6+ gxf6 23. Nh5 Rg8 24. Ng3 Bc8 25. f4 exf3 26. Qxf3 Rg6 27. dxe5 Qxe5
28. Qf4 Be6 29. Rf2 Rag8 30. Ne2 Bh3 31. g3 Re8 32. Qxe5 fxe5 33. Rd1 Rd8 34.
Rd2 Kg7 35. Kh1 Bg4 36. Kg2 h5 37. Ng1 h4 38. Nf3 hxg3 39. hxg3 Bxf3+ 40. Rxf3
Rf6 41. Rxf6 Kxf6 42. e4 d4 43. Kf3 dxc3 44. Rxd8 c2 0-1

[Event "VII Festival B"]
[Site "Trieste ITA"]
[Date "2005.09.04"]
[Round "2"]
[White "Miele, Roberto"]
[Black "Partipilo, Vito"]
[Result "1-0"]
[WhiteElo "1860"]
[BlackElo "1592"]
[PlyCount "45"]
[EventDate "2005.09.03"]

1. e4 c6 2. d4 d5 3. Nc3 dxe4 4. Nxe4 Bf5 5. Ng3 Nf6 6. Nxf5 Qa5+ 7. Bd2 Qxf5
8. Nf3 Qc8 9. Bd3 e6 10. O-O Bd6 11. Re1 O-O 12. Ne5 Nbd7 13. f4 c5 14. Be3 Rd8
15. c3 Nb6 16. Qf3 c4 17. Bc2 Nbd5 18. Rad1 Nxe3 19. Rxe3 Qc7 20. Qh3 g6 21.
Rf1 Bf8 22. g4 Nd7 23. Nxf7 1-0

[Event "VII Festival B"]
[Site "Trieste ITA"]
[Date "2005.09.04"]
[Round "2"]
[White "Muradore, Aldo"]
[Black "Stampalia, Piergiorgio"]
[Result "0-1"]
[WhiteElo "1523"]
[BlackElo "1574"]
[PlyCount "96"]
[EventDate "2005.09.03"]

1. d4 Nf6 2. Nf3 d5 3. e3 e6 4. Bd3 c5 5. c3 Bd6 6. O-O O-O 7. Nbd2 b6 8. e4
dxe4 9. Nxe4 Bb7 10. Nxf6+ Qxf6 11. Bg5 Bxf3 12. Bxf6 Bxd1 13. Bh4 Ba4 14. dxc5
Bxc5 15. b4 Bd6 16. Rae1 Bc6 17. b5 Bb7 18. f4 Rc8 19. c4 Bc5+ 20. Kh1 Nd7 21.
Rd1 Nf8 22. f5 exf5 23. Bxf5 Re8 24. Rd3 g6 25. Bd7 Re2 26. Bc6 Bxc6 27. bxc6
Rc8 28. Rfd1 Rxc6 29. Rd8 Rxa2 30. Bg5 Kg7 31. R8d3 h6 32. Bd2 Rd6 33. Bc3+ Kg8
34. Rxd6 Bxd6 35. Rxd6 Rc2 36. Bd4 Rxc4 37. Rd8 Rc1+ 38. Bg1 Kg7 39. h3 Ne6 40.
Rd7 Ra1 41. Kh2 Ra2 42. Rb7 g5 43. Rb8 Nf4 44. Bd4+ Kg6 45. Ra8 Rxg2+ 46. Kh1
Ra2 47. Bxb6 Nxh3 48. Bxa7 Kf5 0-1

[Event "VII Festival B"]
[Site "Trieste ITA"]
[Date "2005.09.04"]
[Round "2"]
[White "Poniz, Alessandro"]
[Black "Petrachi, Gianni"]
[Result "0-1"]
[WhiteElo "1440"]
[BlackElo "1640"]
[PlyCount "66"]
[EventDate "2005.09.03"]

1. d4 Nf6 2. c4 g6 3. Nc3 Bg7 4. Nf3 d6 5. e4 O-O 6. Bg5 h6 7. Bxf6 Bxf6 8. h3
e5 9. d5 Nd7 10. Qd2 Bg7 11. b4 a5 12. b5 Nc5 13. Qc2 f5 14. Nd2 fxe4 15. Ncxe4
Bf5 16. g4 Bxe4 17. Nxe4 Nxe4 18. Qxe4 Qf6 19. Rh2 Qf4 20. Qxf4 exf4 21. Rc1
Rae8+ 22. Kd2 f3 23. Bd3 Be5 24. Rhh1 Bf4+ 25. Kc2 Bxc1 26. Rxc1 Kg7 27. Kb2 b6
28. Kb3 Re5 29. Kc3 Rfe8 30. Kd4 Re1 31. Rxe1 Rxe1 32. Be4 Re2 33. Bxf3 Rxf2
0-1

[Event "VII Festival B"]
[Site "Trieste ITA"]
[Date "2005.09.04"]
[Round "2"]
[White "Tomio, Dante"]
[Black "Piunti, Mauro"]
[Result "1/2-1/2"]
[WhiteElo "1816"]
[BlackElo "1712"]
[PlyCount "44"]
[EventDate "2005.09.03"]

1. d4 Nf6 2. Nf3 d6 3. c4 g6 4. Nc3 Bg7 5. e4 O-O 6. Be2 e5 7. dxe5 dxe5 8.
Qxd8 Rxd8 9. Bg5 c6 10. O-O Na6 11. Rad1 Bg4 12. h3 Bxf3 13. Bxf3 Nc7 14. Rxd8+
Rxd8 15. Rd1 Rxd1+ 16. Bxd1 Ne6 17. Be3 Nd4 18. g4 Nd7 19. g5 Nc5 20. b4 Nce6
21. b5 Kf8 22. bxc6 bxc6 1/2-1/2

[Event "VII Festival B"]
[Site "Trieste ITA"]
[Date "2005.09.04"]
[Round "3"]
[White "Belardinelli, Franco"]
[Black "Oblak, Marco"]
[Result "1-0"]
[WhiteElo "1772"]
[BlackElo "1482"]
[PlyCount "89"]
[EventDate "2005.09.03"]

1. e4 e5 2. Nf3 Nc6 3. Bb5 Nf6 4. O-O Bc5 5. c3 O-O 6. d4 Bd6 7. Bxc6 bxc6 8.
dxe5 Bxe5 9. Nxe5 Nxe4 10. Nd2 Nf6 11. Ndf3 Bb7 12. Bg5 d6 13. Ng4 c5 14. Re1
Qd7 15. Nxf6+ gxf6 16. Bh6 Rfe8 17. Qd3 Kh8 18. Nd2 Rg8 19. Ne4 Qg4 20. Ng3 Rg6
21. Bd2 h5 22. Qe2 Qxe2 23. Rxe2 h4 24. Re7 hxg3 25. hxg3 Bd5 26. Rxc7 Be6 27.
Bf4 Kg7 28. Bxd6 Rh8 29. Bf4 f5 30. Be5+ Rf6 31. Rxc5 Kg6 32. f4 Rd8 33. c4 Rd3
34. Kh2 Bd7 35. Rd5 Rxd5 36. cxd5 Rb6 37. Rc1 f6 38. Bc3 Rb5 39. Rd1 Rb8 40.
Kg1 Re8 41. Kf2 Bb5 42. Rd2 Rd8 43. d6 Kf7 44. Ba5 Bd7 45. Bxd8 1-0

[Event "VII Festival B"]
[Site "Trieste ITA"]
[Date "2005.09.04"]
[Round "3"]
[White "Bembich, Corrado"]
[Black "Mirkovic, Nikola"]
[Result "0-1"]
[WhiteElo "1452"]
[BlackElo "1702"]
[PlyCount "42"]
[EventDate "2005.09.03"]

1. d4 d5 2. c4 Nc6 3. Nc3 Nf6 4. Nf3 Bg4 5. Qb3 Bxf3 6. exf3 Nxd4 7. Qa4+ Nc6
8. Bg5 e6 9. cxd5 exd5 10. Rd1 Bb4 11. Qb5 Rb8 12. Rxd5 Qxd5 13. Qe2+ Qe6 14.
Qxe6+ fxe6 15. Bxf6 gxf6 16. Bc4 Ke7 17. O-O Bxc3 18. bxc3 Rbd8 19. f4 Rd6 20.
g3 Rhd8 21. Be2 21... Rd2 {...} 0-1

[Event "VII Festival B"]
[Site "Trieste ITA"]
[Date "2005.09.04"]
[Round "3"]
[White "Chiandussi, Livio"]
[Black "Boerci, Roberto"]
[Result "1-0"]
[WhiteElo "1497"]
[BlackElo "1392"]
[PlyCount "23"]
[EventDate "2005.09.03"]

1. d4 d5 2. e4 Nf6 3. Nc3 g6 4. Be3 c6 5. Nf3 Bg7 6. Qd2 O-O 7. O-O-O b5 8. Bh6
b4 9. Nb1 Nxe4 10. Qe3 Bxh6 11. Qxh6 Nxf2 12. Ng5 1-0

[Event "VII Festival B"]
[Site "Trieste ITA"]
[Date "2005.09.04"]
[Round "3"]
[White "Dragovic, Radimiro"]
[Black "Deancovich, Patrizio"]
[Result "1/2-1/2"]
[WhiteElo "1599"]
[BlackElo "1452"]
[PlyCount "54"]
[EventDate "2005.09.03"]

1. e4 e5 2. Nf3 Nc6 3. Bc4 Be7 4. d4 d6 5. dxe5 Nxe5 6. Nxe5 dxe5 7. Qxd8+ Bxd8
8. Nc3 Nf6 9. Bg5 c6 10. a4 O-O 11. O-O a6 12. Kh1 b6 13. f4 Bc7 14. Rae1 b5
15. axb5 axb5 16. Bb3 Ba6 17. Rf3 Bb7 18. fxe5 Bxe5 19. Bxf6 Bxf6 20. h3 b4 21.
Na4 Bd4 22. Ref1 Ba6 23. Re1 Bb5 24. c3 bxc3 25. Nxc3 Ra7 26. Nxb5 cxb5 27. Rf5
Rb7 1/2-1/2

[Event "VII Festival B"]
[Site "Trieste ITA"]
[Date "2005.09.04"]
[Round "3"]
[White "Petrachi, Gianni"]
[Black "Tomio, Dante"]
[Result "0-1"]
[WhiteElo "1640"]
[BlackElo "1816"]
[PlyCount "50"]
[EventDate "2005.09.03"]

1. e4 c5 2. c3 d6 3. d4 cxd4 4. cxd4 g6 5. Nf3 Bg7 6. Be2 Nf6 7. Nc3 O-O 8. O-O
b6 9. Re1 Bb7 10. Bc4 Nxe4 11. Nxe4 d5 12. Bd3 dxe4 13. Bxe4 Bxe4 14. Rxe4 e6
15. Qb3 Nc6 16. Bg5 Qd5 17. Qxd5 exd5 18. Re2 Nxd4 19. Nxd4 Bxd4 20. Rd1 Rfe8
21. Red2 Bg7 22. b3 d4 23. f3 Rac8 24. Bh4 Bh6 25. Rxd4 Be3+ 0-1

[Event "VII Festival B"]
[Site "Trieste ITA"]
[Date "2005.09.04"]
[Round "3"]
[White "Piunti, Mauro"]
[Black "Stampalia, Piergiorgio"]
[Result "1/2-1/2"]
[WhiteElo "1712"]
[BlackElo "1574"]
[PlyCount "92"]
[EventDate "2005.09.03"]

1. d4 Nf6 2. Nf3 d5 3. c4 e6 4. Nc3 c6 5. Bg5 Be7 6. e3 Nbd7 7. Rc1 O-O 8. a3
a5 9. c5 Re8 10. Bd3 Bf8 11. Ne5 Be7 12. f4 Nxe5 13. dxe5 Nd7 14. Bxe7 Qxe7 15.
O-O f5 16. Ne2 Nf8 17. Ng3 Ng6 18. Qh5 Nxf4 19. exf4 Rf8 20. h4 Bd7 21. Qg5
Qxg5 22. hxg5 g6 23. a4 Rab8 24. Rb1 Kg7 25. Kf2 b5 26. axb5 cxb5 27. b4 a4 28.
Ra1 Bc6 29. Ra3 Rh8 30. Rh1 Rb7 31. Rh6 Kg8 32. Ke3 Rf7 33. Kd2 Kf8 34. Kc3 Kg8
35. Kb2 Kf8 36. Ra1 Rg7 37. Rah1 Rhg8 38. Rxh7 Rxh7 39. Rxh7 Rg7 40. Rh6 Kf7
41. Bb1 Rg8 42. Ba2 Kg7 43. Ka3 Kf7 44. Bb1 Rg7 45. Bd3 Rg8 46. Be2 Rg7 1/2-1/2

[Event "VII Festival B"]
[Site "Trieste ITA"]
[Date "2005.09.04"]
[Round "3"]
[White "Sabadin, Giorgio"]
[Black "Miele, Roberto"]
[Result "0-1"]
[WhiteElo "1700"]
[BlackElo "1860"]
[PlyCount "60"]
[EventDate "2005.09.03"]

1. e4 e5 2. Nf3 Nc6 3. Bc4 Nf6 4. d4 exd4 5. O-O d6 6. Ng5 Ne5 7. Bb3 h6 8. f4
hxg5 9. fxe5 dxe5 10. Bxg5 Be7 11. Bxf6 Bxf6 12. Qf3 Qe7 13. Na3 Bd7 14. c4 Qc5
15. Qd3 O-O-O 16. Rab1 Rh6 17. Bd1 Rdh8 18. b4 Qe7 19. h3 Bg5 20. Nc2 Bf4 21.
b5 Qg5 22. Kf2 Rf6 23. Bf3 Qg3+ 24. Ke2 Rhh6 25. a4 g5 26. Rb3 g4 27. hxg4 Bxg4
28. Bxg4+ Qxg4+ 29. Qf3 Qg5 30. Kd1 Bc1 0-1

[Event "VII Festival B"]
[Site "Trieste ITA"]
[Date "2005.09.04"]
[Round "3"]
[White "Urbisaglia, Elvio"]
[Black "Muradore, Aldo"]
[Result "0-1"]
[WhiteElo "1451"]
[BlackElo "1523"]
[PlyCount "152"]
[EventDate "2005.09.03"]

1. e4 c6 2. d4 d5 3. e5 e6 4. Nf3 Qa5+ 5. Bd2 Bb4 6. c3 Be7 7. Bd3 Qd8 8. Qc1
c5 9. Be2 c4 10. b3 b5 11. b4 a5 12. Na3 axb4 13. cxb4 Qb6 14. Nc2 Nc6 15. a3
f6 16. Be3 Bd7 17. O-O h5 18. Nh4 g5 19. Ng6 Rh7 20. Nxe7 Ncxe7 21. exf6 Nxf6
22. Bxg5 Ne4 23. Be3 Nf5 24. Ne1 O-O-O 25. Bf3 Ned6 26. Qd2 Rg8 27. Nc2 Nh4 28.
Ne1 Nxf3+ 29. Nxf3 Ne4 30. Qc1 Qd8 31. Ne5 Be8 32. f3 Nd6 33. Bf2 Rhg7 34. g3
h4 35. Qf4 hxg3 36. Bxg3 Qe7 37. Kh1 Nf5 38. Rg1 Rf8 39. Qd2 Nxg3+ 40. Rxg3
Rxg3 41. hxg3 Rh8+ 42. Kg1 Qh7 43. Qg2 Qa7 44. Qf2 Rh3 45. Ng4 Qh7 46. Qg2 Qh8
47. Rd1 Rh7 48. Ne5 Qg7 49. Kf2 Qa7 50. Ke1 Qxa3 51. Qc2 Qe3+ 52. Kf1 Qh6 53.
Ng4 Qh5 54. Qe2 Qf5 55. Re1 Bd7 56. Qd2 Qh5 57. Qc1 Qh3+ 58. Kf2 e5 59. Nxe5
Qh2+ 60. Ke3 Qxg3 61. Rg1 Qh3 62. Qb2 Qh6+ 63. Kf2 Qf4 64. Rg2 Rh2 65. Qc3
Rxg2+ 66. Kxg2 Qg5+ 67. Kf1 Bh3+ 68. Ke2 Qg2+ 69. Ke3 Qg1+ 70. Kf4 Qh2+ 71. Kg5
Qg3+ 72. Kh6 Qf4+ 73. Kg7 Qg5+ 74. Kf8 Be6 75. Qc2 Qf6+ 76. Ke8 Qd8# 0-1

[Event "VII Festival B"]
[Site "Trieste ITA"]
[Date "2005.09.05"]
[Round "4"]
[White "Boerci, Roberto"]
[Black "Belardinelli, Lisa"]
[Result "1-0"]
[WhiteElo "1392"]
[BlackElo "1521"]
[PlyCount "139"]
[EventDate "2005.09.03"]

1. Nf3 e6 2. g3 d5 3. Bg2 Nc6 4. O-O Nf6 5. d3 Be7 6. Nbd2 Bd7 7. Re1 O-O 8. e4
Bb4 9. c3 Be7 10. e5 Ng4 11. Nf1 Bc5 12. d4 Bb6 13. Bg5 f6 14. Bf4 Ne7 15. Bh3
f5 16. Ng5 h6 17. Nf3 c5 18. Bg2 Ng6 19. Qd2 Rc8 20. h3 N4xe5 21. Nxe5 Nxe5 22.
Bxe5 Bc7 23. Bxc7 Rxc7 24. Qf4 cxd4 25. Qxd4 b6 26. Qe5 Rc6 27. h4 Qc7 28. Qxc7
Rxc7 29. Rad1 Rfc8 30. f4 b5 31. Nd2 a5 32. a3 Rb7 33. Nb1 b4 34. Rxd5 exd5 35.
Bxd5+ Kf8 36. Bxb7 Rb8 37. Bd5 bxc3 38. bxc3 Rc8 39. Be6 Bxe6 40. Rxe6 Rd8 41.
Kf2 Rb8 42. Nd2 Rc8 43. c4 Rd8 44. Nb3 Rd3 45. Rb6 a4 46. Rb8+ Ke7 47. Rb7+ Kf8
48. Nc5 Rxa3 49. Ne6+ Ke8 50. Nxg7+ Kf8 51. Nxf5 Ra2+ 52. Kf3 a3 53. Ra7 Ke8
54. Nxh6 Ra1 55. Kg4 a2 56. Ng8 Kd8 57. h5 Kc8 58. Ne7+ Kb8 59. Nc6+ Kc8 60. h6
Rh1 61. Rxa2 Rxh6 62. Ne5 Kc7 63. Nf7 Rc6 64. Ne5 Rh6 65. c5 Rh1 66. f5 Kd8 67.
Kg5 Ke8 68. Ra7 Kf8 69. Kf6 Re1 70. Ra8# 1-0

[Event "VII Festival B"]
[Site "Trieste ITA"]
[Date "2005.09.05"]
[Round "4"]
[White "Deancovich, Patrizio"]
[Black "Petrachi, Gianni"]
[Result "1-0"]
[WhiteElo "1452"]
[BlackElo "1640"]
[PlyCount "125"]
[EventDate "2005.09.03"]

1. d4 Nf6 2. c4 g6 3. Nf3 Bg7 4. Nc3 O-O 5. e4 d6 6. Be2 e5 7. d5 a5 8. Bg5 h6
9. Be3 Na6 10. Qd2 Kh7 11. Bd3 Ng8 12. h3 f5 13. g3 Qe7 14. h4 Nc5 15. Bc2 fxe4
16. Ng5+ Kh8 17. Ncxe4 Bf5 18. Nxc5 dxc5 19. Bxf5 Rxf5 20. Ne6 b6 21. Nxg7 Kxg7
22. O-O-O a4 23. d6 cxd6 24. Qxd6 Qxd6 25. Rxd6 Rf6 26. Rd7+ Rf7 27. Rhd1 h5
28. Rxf7+ Kxf7 29. Rd6 Rb8 30. Bg5 e4 31. Rc6 Rb7 32. Bf4 Ne7 33. Rc7 Rxc7 34.
Bxc7 Nc8 35. Kd2 Ke6 36. Ke3 Kf5 37. b3 a3 38. Bd8 Ke5 39. Bc7+ Kf5 40. f3 exf3
41. Kxf3 g5 42. hxg5 Kxg5 43. Ke4 Kf6 44. Kd5 Ne7+ 45. Kd6 Nf5+ 46. Kc6 Nd4+
47. Kxb6 Nxb3 48. Bf4 Na1 49. Kxc5 Nc2 50. Bd2 Kf5 51. Kd5 Kg4 52. c5 Kxg3 53.
Ke5 h4 54. c6 Nd4 55. Bf4+ Kf3 56. Kxd4 Kxf4 57. c7 h3 58. c8=Q Kg3 59. Qc3+
Kh2 60. Qxa3 Kg2 61. Qb2+ Kg1 62. Ke3 h2 63. Qf2+ 1-0

[Event "VII Festival B"]
[Site "Trieste ITA"]
[Date "2005.09.05"]
[Round "4"]
[White "Monticolo, Lorenzo"]
[Black "Sabadin, Giorgio"]
[Result "0-1"]
[WhiteElo "1455"]
[BlackElo "1700"]
[PlyCount "68"]
[EventDate "2005.09.03"]

1. e4 d5 2. exd5 Qxd5 3. Nc3 Qa5 4. Nf3 Bg4 5. Be2 Nf6 6. O-O e6 7. d4 c6 8.
Bd2 Qc7 9. Re1 Be7 10. Bg5 O-O 11. Ne5 Bf5 12. Bg4 Nxg4 13. Bxe7 Nxf2 14. Kxf2
Qxe7 15. g3 Qf6 16. Kg2 Qd8 17. Qd2 Nd7 18. Rad1 Nxe5 19. Rxe5 Qd7 20. h4 Rad8
21. Ne2 f6 22. Re3 Qd5+ 23. Kf2 Bg4 24. Nf4 Qxa2 25. Rde1 e5 26. Nh5 Bxh5 27.
g4 Bxg4 28. Rg3 Rxd4 29. Qc1 h5 30. Reg1 Rf4+ 31. Ke3 Qd5 32. Rxg4 Qf3+ 33. Kd2
Rd8+ 34. Ke1 Qf2# 0-1

[Event "VII Festival B"]
[Site "Trieste ITA"]
[Date "2005.09.05"]
[Round "4"]
[White "Muradore, Aldo"]
[Black "Bembich, Corrado"]
[Result "1-0"]
[WhiteElo "1523"]
[BlackElo "1452"]
[PlyCount "68"]
[EventDate "2005.09.03"]

1. d4 g6 2. e3 Bg7 3. c4 Nf6 4. Nc3 d6 5. Nf3 O-O 6. Be2 c6 7. O-O Re8 8. b3
Nbd7 9. Bb2 Nf8 10. Rc1 Bg4 11. Re1 N8d7 12. Nh4 Bxe2 13. Rxe2 Nf8 14. Nf3 N6d7
15. d5 Ne5 16. Nxe5 Bxe5 17. Nb1 Nd7 18. Bxe5 Nxe5 19. dxc6 bxc6 20. Rd2 Qc7
21. Nc3 f5 22. Ne2 a5 23. Nd4 c5 24. Ne6 Qd7 25. Nxc5 Qc6 26. Nd3 Ng4 27. h3
Nf6 28. Nf4 e5 29. Rxd6 Qc8 30. Nd5 Nxd5 31. Qxd5+ Kh8 32. Rd7 Ra7 33. Rxa7 Qe6
34. Qxe6 Rxe6 1-0

[Event "VII Festival B"]
[Site "Trieste ITA"]
[Date "2005.09.05"]
[Round "4"]
[White "Poniz, Alessandro"]
[Black "Dragovic, Radimiro"]
[Result "1-0"]
[WhiteElo "1440"]
[BlackElo "1599"]
[PlyCount "115"]
[EventDate "2005.09.03"]

1. d4 d5 2. c4 e6 3. Nc3 Nf6 4. Bg5 Nbd7 5. Nf3 Be7 6. e3 O-O 7. a3 c5 8. Be2
cxd4 9. Qxd4 h6 10. Bf4 dxc4 11. Qxc4 Nb6 12. Qc7 Nbd5 13. Qc4 Nxc3 14. Qxc3
Nd5 15. Qc1 Nxf4 16. exf4 Bd7 17. O-O Rc8 18. Qe3 Bc5 19. Qb3 Bc6 20. Qc2 Bxa3
21. Qb3 Bc5 22. Rfd1 Qb6 23. Qxb6 Bxb6 24. Ne5 Rfd8 25. Nxc6 Rxd1+ 26. Bxd1
bxc6 27. g3 c5 28. b3 c4 29. bxc4 Rxc4 30. Kg2 Rd4 31. Be2 Rd2 32. Kf1 Bd4 33.
Rc1 Ra2 34. Rc8+ Kh7 35. Rd8 Ra1+ 36. Kg2 Bf6 37. Rd7 Kg8 38. Rc7 Bd4 39. Rc8+
Kh7 40. Rd8 e5 41. fxe5 Bxe5 42. Rf8 f6 43. Bd3+ g6 44. Bc4 h5 45. Rf7+ Kh6 46.
Rf8 f5 47. Re8 Bf6 48. Re6 Kg7 49. Rd6 a5 50. Rd7+ Kh6 51. Rf7 Bg7 52. Rd7 Rc1
53. Bb3 Rc3 54. Bf7 Rc6 55. Ra7 Bc3 56. Bg8 Kg5 57. Rf7 f4 58. h4+ 1-0

[Event "VII Festival B"]
[Site "Trieste ITA"]
[Date "2005.09.05"]
[Round "4"]
[White "Stampalia, Piergiorgio"]
[Black "Belardinelli, Franco"]
[Result "0-1"]
[WhiteElo "1574"]
[BlackElo "1772"]
[PlyCount "74"]
[EventDate "2005.09.03"]

1. e4 d6 2. d4 Nf6 3. Nc3 g6 4. Be2 Bg7 5. Be3 c6 6. h3 Qa5 7. Qd2 b5 8. Bf3
Bb7 9. Nce2 Qc7 10. c3 Nbd7 11. Ng3 e5 12. N1e2 O-O 13. Rc1 Rfe8 14. O-O d5 15.
Qc2 a5 16. b3 a4 17. c4 dxe4 18. Bxe4 Nxe4 19. Nxe4 f5 20. cxb5 axb3 21. Qxb3+
Kh8 22. bxc6 Bxc6 23. Ng5 h6 24. Nf7+ Kh7 25. d5 Reb8 26. Qc2 Nf6 27. Ng5+ hxg5
28. dxc6 f4 29. Bd2 Ra6 30. Kh1 Rba8 31. Ng1 Rxa2 32. Qd1 e4 33. Bb4 Bf8 34.
Bc3 Qxc6 35. Bxf6 Qxf6 36. Rc7+ Bg7 37. Qb1 Ra1 0-1

[Event "VII Festival B"]
[Site "Trieste ITA"]
[Date "2005.09.05"]
[Round "4"]
[White "Tomio, Dante"]
[Black "Orsatti, Marcello"]
[Result "1/2-1/2"]
[WhiteElo "1816"]
[BlackElo "1818"]
[PlyCount "44"]
[EventDate "2005.09.03"]

1. d4 d5 2. Nf3 Nf6 3. Bg5 e6 4. e3 Be7 5. Bd3 O-O 6. Nbd2 Nbd7 7. c3 c5 8. Ne5
h6 9. Bf4 Qb6 10. Rb1 Bd6 11. h4 Qc7 12. Ndf3 Ne4 13. Nxd7 Bxd7 14. Ne5 f6 15.
Nxd7 Qxd7 16. Bxe4 Bxf4 17. dxc5 Qe7 18. Bc2 Be5 19. Qd3 f5 20. f4 Bf6 21. Kd2
Qxc5 22. g4 fxg4 1/2-1/2

[Event "VII Festival B"]
[Site "Trieste ITA"]
[Date "2005.09.06"]
[Round "5"]
[White "Belardinelli, Franco"]
[Black "Tomio, Dante"]
[Result "1/2-1/2"]
[WhiteElo "1772"]
[BlackElo "1816"]
[PlyCount "129"]
[EventDate "2005.09.03"]

1. e4 c5 2. Nf3 d6 3. d4 cxd4 4. Nxd4 Nf6 5. Nc3 g6 6. Be3 Bg7 7. f3 O-O 8. Qd2
Nc6 9. Bc4 Bd7 10. O-O-O Rc8 11. Bb3 Ne5 12. h4 h5 13. Kb1 Nc4 14. Bxc4 Rxc4
15. Nde2 Qc7 16. Nf4 Rc8 17. Ncd5 Nxd5 18. Nxd5 Qd8 19. c3 Be6 20. g4 hxg4 21.
h5 Bxd5 22. Qxd5 e6 23. Qxd6 Qxd6 24. Rxd6 gxh5 25. Rxh5 gxf3 26. Rh3 Rxe4 27.
Rxf3 Rec4 28. Rd7 f5 29. Bxa7 b5 30. Rg3 Rg4 31. Rxg4 fxg4 32. Bd4 e5 33. Be3
Rf8 34. Kc2 Rf3 35. Kd2 Kh7 36. Ke2 Kg6 37. Rb7 Bf6 38. Rxb5 Kf5 39. a4 Rh3 40.
a5 Rh2+ 41. Kf1 Ke4 42. Bg1 Rc2 43. Bf2 Kf3 44. Be1 Rc1 45. c4 Bh4 46. Rb3+ Ke4
47. a6 Rxe1+ 48. Kg2 Re2+ 49. Kf1 Rf2+ 50. Kg1 Rf8 51. Kg2 Bf2 52. Rb7 Kd3 53.
a7 Bxa7 54. Rxa7 Kxc4 55. Rg7 Rf4 56. Kg3 Kd3 57. Rd7+ Rd4 58. Re7 e4 59. Kxg4
Ke3 60. Kg3 Rb4 61. Ra7 Rxb2 62. Ra3+ Kd4 63. Ra4+ Kd3 64. Ra3+ Kc2 65. Kf4
1/2-1/2

[Event "VII Festival B"]
[Site "Trieste ITA"]
[Date "2005.09.06"]
[Round "5"]
[White "Chiandussi, Livio"]
[Black "Masella, Vincenzo"]
[Result "0-1"]
[WhiteElo "1497"]
[BlackElo "1697"]
[PlyCount "98"]
[EventDate "2005.09.03"]

1. d4 g6 2. c4 Bg7 3. Nf3 d6 4. Nc3 Nf6 5. e4 c6 6. Bd3 Nbd7 7. Bg5 h6 8. Be3
Ng4 9. Bf4 e5 10. dxe5 Ndxe5 11. Nxe5 Nxe5 12. Bc2 Nxc4 13. Rb1 O-O 14. Qe2 Ne5
15. Rd1 Qc7 16. O-O g5 17. Bg3 Be6 18. h3 Bc4 19. Bd3 Bxd3 20. Rxd3 Nxd3 21.
Qxd3 Rfd8 22. f4 f6 23. f5 Qe7 24. h4 Rd7 25. hxg5 hxg5 26. Ne2 Re8 27. Nc3 b5
28. a3 Qf7 29. Rd1 Bf8 30. Ne2 c5 31. Qxb5 Rxe4 32. Nc3 Re8 33. Qc6 Rc7 34. Qf3
Rb7 35. Rd2 Rd7 36. Nd5 Kg7 37. Qg4 Be7 38. Nf4 Rh8 39. Ne6+ Kg8 40. Nxc5 Rc7
41. Ne6 Rc1+ 42. Kf2 Qe8 43. Bxd6 Rh4 44. Qg3 Qb5 45. Bxe7 Qf1+ 46. Ke3 Re1+
47. Qxe1 Qxe1+ 48. Kd3 Qf1+ 49. Kc3 Qxf5 0-1

[Event "VII Festival B"]
[Site "Trieste ITA"]
[Date "2005.09.06"]
[Round "5"]
[White "Dragovic, Radimiro"]
[Black "Monticolo, Lorenzo"]
[Result "1-0"]
[WhiteElo "1599"]
[BlackElo "1455"]
[PlyCount "31"]
[EventDate "2005.09.03"]

1. e4 e5 2. f4 Nc6 3. Nf3 exf4 4. Bc4 Be7 5. O-O d6 6. d4 Bg4 7. Bxf4 Nf6 8. e5
Ne4 9. Bxf7+ Kxf7 10. Ng5+ Ke8 11. Qxg4 Nxg5 12. h4 Nf7 13. e6 Nh6 14. Bxh6 g6
15. Qf4 Nb4 16. Qf7# 1-0